Buried infrastructure as prerequisites for development of a civilisation (Record no. 78941)

MARC details
000 -LEADER
fixed length control field 01209cab a22001935a 4500
001 - CONTROL NUMBER
control field L138635
008 - FIXED-LENGTH DATA ELEMENTS--GENERAL INFORMATION
fixed length control field 070628s2007 xxk f 000 0 eng d
035 ## - SYSTEM CONTROL NUMBER
System control number (Sirsi) u138635
041 0# - LANGUAGE CODE
Language code of text/sound track or separate title eng
100 1# - MAIN ENTRY--PERSONAL NAME
Personal name Parker, Jo
245 00 - TITLE STATEMENT
Title Buried infrastructure as prerequisites for development of a civilisation
Remainder of title geolocating the underworld maze of pipes and cables
260 ## - PUBLICATION, DISTRIBUTION, ETC.
Date of publication, distribution, etc. 2007
490 ## - SERIES STATEMENT
Series statement Geo Informatics
Volume/sequential designation 10(4) June 2007, 50-51(2)
520 ## - SUMMARY, ETC.
Summary, etc. Describes the purpose and organisation of the UK Engineering and Physical Sciences Research Council's £1m underground mapping and positioning research project. There is a lack of reliable data concerning a great deal of aging underground structures, pipes and cables. The project aims to improve buried asset location, identification and condition assessment technologies; methods of detection of buried assets; mapping and positioning technologies; and knowledge and data integration. A second project aims to develop low cost detectable remotely detectable labels to be fixed to underground assets. It aims to prevent the problem recurring in future.
590 ## - LOCAL NOTE (RLIN)
Local note KA
651 #4 - SUBJECT ADDED ENTRY--GEOGRAPHIC NAME
Geographic name United Kingdom
Chronological subdivision
690 ## - LOCAL SUBJECT ADDED ENTRY--TOPICAL TERM (OCLC, RLIN)
Topical term or geographic name as entry element PROPERTY-INFRASTRUCTURE
942 ## - ADDED ENTRY ELEMENTS (KOHA)
Suppress in OPAC 0
Holdings
Withdrawn status Lost status Source of classification or shelving scheme Damaged status Not for loan Home library Current library Shelving location Date acquired Total Checkouts Full call number Barcode Date last seen Copy number Price effective from Koha item type
    Dewey Decimal Classification     London London Journal article 28/06/2007   L138635 138635-1001 06/08/2019 1 06/08/2019 Journal article